|
|
|
|
| LEADER |
00000nab a2200000 a 4500 |
| 001 |
vtls000874138 |
| 003 |
SK-MaSNL |
| 005 |
20260302160456.0 |
| 008 |
160322c2004 xo 0 slo |
| 015 |
|
|
|a SNBRB2004/05-16456
|
| 035 |
|
|
|a CLN000225690
|
| 040 |
|
|
|a SNKBUCL
|b slo
|c SNKBUCL
|e AACR2
|
| 041 |
0 |
|
|a slo
|
| 044 |
|
|
|a xo
|c SK
|
| 080 |
|
|
|a 929 Cichý, Jozef
|2 UDC-MRF-SK2
|
| 080 |
|
|
|a 75.071.1
|2 UDC-MRF-SK2
|
| 100 |
1 |
|
|a Lopatníková, Daniela
|4 aut
|9 856686
|
| 245 |
1 |
0 |
|a Rómsky svet v obrazoch
|b Jozef Cichý sa predstavil v Regionálnom osvetovom stredisku v Trebišove
|c Daniela Lopatníková
|
| 300 |
|
|
|b Fotogr.
|
| 600 |
1 |
7 |
|a Cichý, Jozef,
|d 1966-
|2 snkbucl
|9 841281
|
| 610 |
2 |
7 |
|a Regionálne osvetové stredisko (Trebišov, Slovensko)
|2 snkbucl
|9 173328
|
| 655 |
|
7 |
|a články z novín a časopisov
|2 snkbucl
|9 267496
|
| 773 |
0 |
|
|x 1335-4515
|t Národná osveta
|g Roč. 14, č. 4 (2004), s. 13
|
| 850 |
|
|
|a Slovenská národná knižnica v Martine
|
| 852 |
|
|
|a SNK
|b KIS3GCP
|
| 958 |
|
|
|a SK
|
| 958 |
|
|
|a BX
|
| 958 |
|
|
|a RBX
|
| 999 |
|
|
|c 1374621
|d 1376551
|